00492nam a2200193 a 4500001001300000003000900013005001700022008004100039020000800080082001700088100002300105245001900128260003800147300000900185500003500194505002700229650001900256700002300275nice12345678IN_TiNIC20260116011347.0050524s1934 laha grp 000 0 urd  ac000a297.4bGHA11 aGhazali, Abu Hamid aSirrul Maknoon aLahorebKareemi Steam Pressc1934 a204p aincludes index and biblioraphy2 aPlus Some Other Tracts aSufism-Ghazali1 aGhazali, Abu Hamid